| 000 | 04588nam0a2200433 4500 | ||
|---|---|---|---|
| 001 | RU\NLR\BIBL_A\012877803 | ||
| 005 | 20221024120603.0 | ||
| 021 |
_aRU _bКН-П-22-043385 _9КН-П-22-3745 |
||
| 035 | _a(NLR Aleph) 012877803 | ||
| 035 | _a(RuMoRGB)011130997 | ||
| 090 |
_a12509970 _c12509970 |
||
| 100 | _a20220830d2021 km y0rusy50 ca | ||
| 101 | 0 |
_arus _aeng |
|
| 102 | _aRU | ||
| 105 | _aa|||z|||111zy | ||
| 181 | 0 |
_ai _baxxe |
|
| 182 | 0 | _an | |
| 200 | 1 |
_aМатериалы Международной научной конференции XXIV Докучаевские молодежные чтения, посвященной 175-летию со дня рождения В. В. Докучаева и Году науки и технологий России "Почвоведение в цифровом обществе", 1-3 марта 2021 года, Санкт-Петербург _fМинистерство науки и высшего образования Российской Федерации, Санкт-Петербургский государственный университет, Институт наук о Земле [и др.] _gредакционная коллегия: Б. Ф. Апарин (председатель) [и др.] |
|
| 203 |
_aТекст _bвизуальный _cнепосредственный |
||
| 210 |
_aСанкт-Петербург _c[б. и.] _d2021 |
||
| 215 |
_a255, [1] с. _cил. _d20 |
||
| 300 | _aНа обл.: Почвоведение в цифровом обществе: XXIV Докучаевские молодежные чтения | ||
| 300 | _aЗагл. корешка: XXIV Докучаевские молодежные чтения | ||
| 300 | _aЧасть текста англ. | ||
| 300 | _aНа обл.: ISBN 2618-950X | ||
| 320 | _aБиблиогр. в конце докл. | ||
| 320 | _aАлф. список авт.: с. 253-256 | ||
| 330 | _aВ материалах рассматриваются вопросы формализации знаний и развития информационных технологий в почвоведении, цифрового почвенного картографирования и применения ГИС-технологий, многофункциональности почвенной системы, содержания и распределения тяжелых металлов и радиоактивных элементов в почвах, закономерностей географического распространения, изменения почв под действием естественных факторов внешней среды и антропогенного пресса, места почв в современной классификации, интенсификации земледелия и рационального использования почв, применения различных удобрений, биопрепаратов, IoT-технологий для выращивания сельскохозяйственных культур. XXIV Докучаевские молодежные чтения посвящены 175-летию со дня рождения В. В. Докучаева и Году науки и технологий в России. В сборнике представлены современные научные достижения студентов, аспирантов, молодых ученых, работы школьников. Для специалистов в области почвоведения, биологии, экологии, географии, сельского хозяйства и охраны окружающей среды | ||
| 512 | 1 |
_aПочвоведение в цифровом обществе _eXXIV Докучаевские молодежные чтения |
|
| 516 | 1 | _aXXIV Докучаевские молодежные чтения | |
| 606 | 1 |
_aПочвоведение _jСъезды, совещания и т.п _2nlr_sh1 _2nlr_sh2 _3RU\NLR\AUTH\66106273 |
|
| 675 |
_a631.4(082) _v4 |
||
| 686 | 1 | _aП03я431(0) | |
| 702 | 1 |
_aДокучаев _bВ. В |
|
| 710 | 1 | 2 |
_aДокучаевские молодежные чтения _d24 _f2021 _eСанкт-Петербург _3RU\NLR\AUTH\880572402 |
| 942 | _cBOOK | ||
| 980 | _aNB | ||